Winston Churchill / (Record no. 124479)

MARC details
000 -LEADER
fixed length control field 00662nam a22002297a 4500
005 - DATE AND TIME OF LATEST TRANSACTION
control field 20170124105940.0
010 ## - LIBRARY OF CONGRESS CONTROL NUMBER
LC control number A-604911
020 ## - INTERNATIONAL STANDARD BOOK NUMBER
Terms of availability 00.00
035 ## - SYSTEM CONTROL NUMBER
System control number A-604911
037 ## - SOURCE OF ACQUISITION
Source of stock number/acquisition Cen Lib/Ret
040 ## - CATALOGING SOURCE
Original cataloging agency DPL
Language of cataloging EN
082 ## - DEWEY DECIMAL CLASSIFICATION NUMBER
Classification number 320.092
Item number TRU
100 ## - MAIN ENTRY--PERSONAL NAME
Personal name Trukhanovsky, V. G
9 (RLIN) 10894
245 ## - TITLE STATEMENT
Title Winston Churchill /
Statement of responsibility, etc by V. G. Trukhanovsky
260 ## - PUBLICATION, DISTRIBUTION, ETC. (IMPRINT)
Place of publication, distribution, etc Moscow
Name of publisher, distributor, etc Progess Publishers
Date of publication, distribution, etc 1978
270 ## - ADDRESS
City Moscow
300 ## - PHYSICAL DESCRIPTION
Extent 390p.
Dimensions 20cm(Hb)
500 ## - GENERAL NOTE
General note Includes bibliographic references and index
650 ## - SUBJECT ADDED ENTRY--TOPICAL TERM
Topical term or geographic name as entry element Liberal politicians
9 (RLIN) 72548
650 ## - SUBJECT ADDED ENTRY--TOPICAL TERM
Topical term or geographic name as entry element Churchill, Winston, -- 1874-1965
9 (RLIN) 30370
942 ## - ADDED ENTRY ELEMENTS (KOHA)
Source of classification or shelving scheme Dewey Decimal Classification
Koha item type English Books
Classification part 320.092
Call number suffix TRU
Holdings
Withdrawn status Lost status Damaged status Not for loan Home library Current library Date acquired Source of acquisition Cost, normal purchase price Total Checkouts Full call number Barcode Date last seen Copy number Cost, replacement price Price effective from Koha item type Public note
Written off       Central Library Central Library 16/06/2015 Cen Lib/Ret 0.00   320.092 TRU A-604911 16/06/2015 1 0.00 16/06/2015 English Books W/d List No. 6856/14; dtd 30/07/2020

© Delhi Public Library
Hit Counter
free hit counter